Score 0/24 Timer 07:00
0 Plays Today
First Name Surname % Correct
RegulusBlack
97.4%
LavenderBrown
96.5%
BathildaBagshot
94.8%
IgorKarkaroff
92.6%
MeropeGaunt
91.7%
AlectoCarrow
91.2%
ArabellaFigg
88.9%
AndromedaTonks
87.5%
MichaelCorner
86.3%
TerryBoot
83.1%
FrankBryce
76.1%
HestiaJones
70.8%
First Name Surname % Correct
WilhelminaGrubbly-Plank
69.2%
PiersPolkiss
69.2%
SeptimaVector
66.1%
DemelzaRobins
52.7%
Jimmy Peakes
51%
MarcusBelby
48.7%
BathshedaBabbling
47%
GriseldaMarchbanks
45.5%
AidanLynch
43%
DilysDerwent
36%
Hassan Mostafa
35.7%
EmericSwitch
18.2%

You're not logged in!

Compare scores with friends on all Sporcle quizzes.
OR
Log In

Sporcle TV

Today on Sporcle TV


Watch our educational content, quiz creation guides, and fun videos on Sporcle TV.

Show Comments

Extras

Top Quizzes Today


Score Distribution

Paid Content

Your Account Isn't Verified!

In order to create a playlist on Sporcle, you need to verify the email address you used during registration. Go to your Sporcle Settings to finish the process.

Report this User

Report this user for behavior that violates our Community Guidelines.

Details: